[Event "Titled Tuesday intern op 02nd Apr Early"]
[Site "Chess.com INT"]
[Date "2024.04.02"]
[Round "2"]
[White "Onslow, Alfie"]
[Black "Sitbon, Itay"]
[Result "0-1"]
[WhiteElo "2166"]
[BlackElo "2199"]
[PlyCount "70"]
[EventDate "2024.04.02"]
[EventType "swiss (blitz)"]
[EventRounds "11"]
[EventCountry "USA"]
[SourceTitle "CB15_2024"]
[SourceDate "2024.04.10"]
[SourceVersion "1"]
[SourceVersionDate "2024.04.10"]
[SourceQuality "1"]

1. e4 e5 2. Bc4 Nc6 3. Nc3 Nf6 4. d3 Bc5 5. f4 d6 6. f5 Na5 7. Qf3 Nxc4 8. dxc4 h6 9. Nge2 c6 10. Be3 Bxe3 11. Qxe3 Qb6 12. Qxb6 axb6 13. 0-0-0 Ke7 14. b3 Ng4 15. Rd2 g6 16. h3 Nf6 17. g4 gxf5 18. exf5 Rg8 19. Rhd1 Rd8 20. Ng3 b5 21. cxb5 d5 22. Kb2 d4 23. Nce4 cxb5 24. Nxf6 Kxf6 25. Ne4+ Ke7 26. b4 Bd7 27. Nc5 Bc6 28. Re1 f6 29. Nd3 Bd5 30. a3 Rdc8 31. Nf2 Rc3 32. Ra1 Rf3 33. h4 Kf7 34. Re1 Rfxa3 35. g5 Ra2+ 0-1

[Event "Titled Tuesday intern op 13th Feb Early"]
[Site "Chess.com INT"]
[Date "2024.02.13"]
[Round "3"]
[White "Belov, Alexei"]
[Black "Onslow, Alfie"]
[Result "0-1"]
[WhiteElo "2421"]
[BlackElo "2166"]
[PlyCount "140"]
[EventDate "2024.02.13"]
[EventType "swiss (blitz)"]
[EventRounds "11"]
[EventCountry "USA"]
[SourceTitle "CB08_2024"]
[SourceDate "2024.02.21"]
[SourceVersion "1"]
[SourceVersionDate "2024.02.21"]
[SourceQuality "1"]

1. e4 c6 2. d4 g6 3. Nc3 Bg7 4. f4 d5 5. Nf3 dxe4 6. Nxe4 Nf6 7. Nxf6+ Bxf6 8. Bc4 0-0 9. 0-0 Bg4 10. c3 c5 11. dxc5 Qxd1 12. Rxd1 Bxf3 13. gxf3 Na6 14. Be3 Rfc8 15. Bxa6 bxa6 16. Rd7 Rab8 17. b3 Bxc3 18. Rc1 Bb4 19. Rxa7 Rc6 20. Rxe7 Rbc8 21. Re5 Kf8 22. Kf2 f6 23. Rd5 Ke7 24. Rc4 a5 25. f5 g5 26. Re4+ Kf8 27. Rc4 Ke7 28. f4 g4 29. Kg3 h5 30. Bf2 Kf8 31. Kh4 Kg7 32. Re4 Bxc5 33. Rd7+ Kh6 34. Bxc5 Rxc5 35. Ree7 Rh8 36. Rd6 Rxf5 37. Re5 Kg6 38. Rxf5 Kxf5 39. Rd5+ Kxf4 40. Rxa5 f5 41. b4 Ke4 42. Ra7 f4 43. Re7+ Kd3 44. b5 f3 45. Kg3 Ra8 46. Rd7+ Ke3 47. Re7+ Kd3 48. Rd7+ Ke4 49. Re7+ Kf5 50. b6 Rxa2 51. b7 Rg2+ 52. Kh4 Rxh2+ 53. Kg3 Rb2 54. Rh7 Kg5 55. Rg7+ Kf6 56. Rh7 Kg6 57. Rc7 Kg5 58. Rc5+ Kh6 59. Rc6+ Kg7 60. Rc7+ Kf6 61. Rc6+ Ke7 62. Rh6 Rg2+ 63. Kf4 Rb2 64. Kg3 Kd7 65. Rxh5 Rg2+ 66. Kf4 Kc7 67. Rh7+ Kb8 68. Ke3 Re2+ 69. Kf4 f2 70. Rh1 Re1 0-1

[Event "Titled Tuesday intern op 13th Feb Early"]
[Site "Chess.com INT"]
[Date "2024.02.13"]
[Round "1"]
[White "Onslow, Alfie"]
[Black "Bhagat, Kush"]
[Result "0-1"]
[WhiteElo "2166"]
[BlackElo "2188"]
[PlyCount "62"]
[EventDate "2024.02.13"]
[EventType "swiss (blitz)"]
[EventRounds "11"]
[EventCountry "USA"]
[SourceTitle "CB08_2024"]
[SourceDate "2024.02.21"]
[SourceVersion "1"]
[SourceVersionDate "2024.02.21"]
[SourceQuality "1"]

1. e4 c5 2. Nc3 d6 3. d4 cxd4 4. Qxd4 Nc6 5. Qd2 g6 6. b3 Bh6 7. f4 f5 8. Bb2 Nf6 9. Bd3 0-0 10. exf5 Bxf5 11. Bxf5 gxf5 12. 0-0-0 Rc8 13. Kb1 Qa5 14. Nf3 b5 15. g3 b4 16. Nd5 Ne4 17. Qg2 e6 18. Qh3 Bg7 19. Bxg7 Kxg7 20. Ng5 Nxg5 21. fxg5 exd5 22. Qh6+ Kg8 23. g6 Qc7 24. g4 f4 25. Rxd5 Ne5 26. gxh7+ Qxh7 27. Qxd6 Qxc2+ 28. Ka1 Qc3+ 29. Kb1 Qc2+ 30. Ka1 Nf7 31. Rd3 Nxd6 0-1

[Event "Titled Tuesday intern op 13th Feb Early"]
[Site "Chess.com INT"]
[Date "2024.02.13"]
[Round "4"]
[White "Onslow, Alfie"]
[Black "Mekhane, Adam"]
[Result "0-1"]
[WhiteElo "2166"]
[BlackElo "2300"]
[PlyCount "62"]
[EventDate "2024.02.13"]
[EventType "swiss (blitz)"]
[EventRounds "11"]
[EventCountry "USA"]
[SourceTitle "CB08_2024"]
[SourceDate "2024.02.21"]
[SourceVersion "1"]
[SourceVersionDate "2024.02.21"]
[SourceQuality "1"]

1. e4 c5 2. Nc3 Nc6 3. Bb5 Nd4 4. Nf3 e6 5. 0-0 a6 6. Bd3 b5 7. Nxd4 cxd4 8. Ne2 Qb6 9. c3 Bc5 10. cxd4 Bxd4 11. Nxd4 Qxd4 12. Bc2 d5 13. d3 Bb7 14. Qe2 Nf6 15. Bg5 Qxb2 16. e5 Nd7 17. f4 Rc8 18. Rac1 0-0 19. Qd1 h6 20. Bh4 Qd4+ 21. Bf2 Qxf4 22. Bc5 Qxe5 23. Bxf8 Qd4+ 24. Kh1 Nxf8 25. Bb3 Rxc1 26. Qxc1 Qxd3 27. Rf3 Qe4 28. h3 d4 29. Qc7 Qe1+ 30. Kh2 Bxf3 31. gxf3 d3 0-1

[Event "Titled Tuesday intern op 06th Feb Early"]
[Site "Chess.com INT"]
[Date "2024.02.06"]
[Round "8"]
[White "Onslow, Alfie"]
[Black "Guerra Tulcan, Lenin"]
[Result "0-1"]
[WhiteElo "2166"]
[BlackElo "2310"]
[PlyCount "86"]
[EventDate "2024.02.06"]
[EventType "swiss (blitz)"]
[EventRounds "11"]
[EventCountry "USA"]
[SourceTitle "CB07_2024"]
[SourceDate "2024.02.14"]
[SourceVersion "1"]
[SourceVersionDate "2024.02.14"]
[SourceQuality "1"]

1. e4 c5 2. Nc3 e6 3. Nf3 b6 4. g3 Bb7 5. Bg2 d6 6. 0-0 Nd7 7. d4 cxd4 8. Qxd4 a6 9. Bg5 Qc7 10. Rad1 h6 11. Be3 Ngf6 12. Rfe1 Be7 13. h3 0-0 14. Nd2 Rac8 15. f4 b5 16. a3 Rfd8 17. Kh2 Nf8 18. Bf2 d5 19. e5 Ne4 20. Ndxe4 dxe4 21. Qe3 Rxd1 22. Rxd1 b4 23. axb4 Bxb4 24. Bxe4 Bxe4 25. Qxe4 Bxc3 26. bxc3 Qxc3 27. Kg2 Ng6 28. h4 Ne7 29. Rd6 Nf5 30. Rxa6 Qxc2 31. Qxc2 Rxc2 32. Ra8+ Kh7 33. Kf3 h5 34. Rd8 Rc3+ 35. Kg2 Nh6 36. Rd7 Kg6 37. Rd6 Ng4 38. Rd8 Rc2 39. Kh3 Rxf2 40. f5+ Rxf5 41. Rg8 Rxe5 42. Rh8 Nf6 43. Rh7 Nxh7 0-1

[Event "Titled Tuesday intern op 26th Sep Late"]
[Site "Chess.com INT"]
[Date "2023.09.26"]
[Round "2"]
[White "Atanasov, Anthony"]
[Black "Onslow, Alfie"]
[Result "1/2-1/2"]
[WhiteElo "2387"]
[BlackElo "2165"]
[PlyCount "107"]
[EventDate "2023.09.26"]
[EventType "swiss (blitz)"]
[EventRounds "11"]
[EventCountry "USA"]
[SourceTitle "EXT 2024"]
[Source "ChessBase"]
[SourceDate "2023.10.10"]
[SourceVersion "1"]
[SourceVersionDate "2023.10.10"]
[SourceQuality "1"]

1. d4 d5 2. Bf4 Bf5 3. e3 e6 4. Bd3 Bxd3 5. cxd3 c6 6. Nc3 Bd6 7. Qg4 g6 8. h4 h5 9. Qg3 Bxf4 10. Qxf4 Nd7 11. Nf3 Nh6 12. e4 Ng4 13. Ng5 Qf6 14. Ne2 Qxf4 15. Nxf4 0-0 16. f3 Ngf6 17. Kf2 a5 18. e5 Nh7 19. g4 hxg4 20. fxg4 Nxg5 21. hxg5 Kg7 22. Rh6 Rh8 23. Rah1 b6 24. Ke3 a4 25. a3 c5 26. R1h2 Rac8 27. Rh1 Nb8 28. Ne2 Nc6 29. Kf4 Nxd4 30. Nxd4 cxd4 31. Rxh8 Rxh8 32. Rxh8 Kxh8 33. Kf3 Kg8 34. Ke2 Kf8 35. Kd2 Ke7 36. Kc2 Kd7 37. b3 b5 38. Kc1 Kc6 39. Kb1 Kb6 40. Ka1 axb3 41. Kb2 Ka6 42. Kxb3 Ka5 43. Kb2 Ka4 44. Ka2 b4 45. axb4 Kxb4 46. Kb2 Ka4 47. Ka2 Kb4 48. Kb2 Ka4 49. Ka2 Ka5 50. Ka3 Kb5 51. Kb3 Ka5 52. Ka3 Kb5 53. Kb3 Ka5 54. Ka3 1/2-1/2

[Event "Titled Tuesday intern op 19th Sep Late"]
[Site "Chess.com INT"]
[Date "2023.09.19"]
[Round "3"]
[White "Onslow, Alfie"]
[Black "Klekowski, Maciej"]
[Result "0-1"]
[WhiteElo "2165"]
[BlackElo "2477"]
[PlyCount "58"]
[EventDate "2023.09.19"]
[EventType "swiss (blitz)"]
[EventRounds "11"]
[EventCountry "USA"]
[SourceTitle "EXT 2024"]
[Source "ChessBase"]
[SourceDate "2023.10.10"]
[SourceVersion "1"]
[SourceVersionDate "2023.10.10"]
[SourceQuality "1"]

1. Nf3 Nf6 2. c4 e6 3. g3 b6 4. Bg2 Bb7 5. 0-0 Be7 6. b3 0-0 7. Bb2 d5 8. Ne5 Nbd7 9. e3 a5 10. d3 a4 11. Nd2 c5 12. bxa4 Nxe5 13. Bxe5 Bc6 14. Qe2 Rxa4 15. Rfb1 Nd7 16. Bc3 Qa8 17. Rb2 Ra3 18. Rc2 b5 19. cxd5 exd5 20. Qg4 Nf6 21. Qf5 Re8 22. Nf3 d4 23. exd4 g6 24. Qf4 Nd5 25. Qd2 Nxc3 26. Rxc3 Rxc3 27. Qxc3 Bxf3 28. Bxf3 Qxf3 29. dxc5 Bf6 0-1

[Event "Titled Tuesday intern op 19th Sep Early"]
[Site "Chess.com INT"]
[Date "2023.09.19"]
[Round "3"]
[White "Onslow, Alfie"]
[Black "Prestia, Paris"]
[Result "0-1"]
[WhiteElo "2165"]
[BlackElo "2059"]
[PlyCount "82"]
[EventDate "2023.09.19"]
[EventType "swiss (blitz)"]
[EventRounds "11"]
[EventCountry "USA"]
[SourceTitle "EXT 2024"]
[Source "ChessBase"]
[SourceDate "2023.10.10"]
[SourceVersion "1"]
[SourceVersionDate "2023.10.10"]
[SourceQuality "1"]

1. Nf3 Nf6 2. c4 b6 3. g3 c5 4. Bg2 Bb7 5. 0-0 e6 6. b3 Be7 7. Bb2 0-0 8. d4 cxd4 9. Nxd4 Bxg2 10. Kxg2 Qc7 11. Nc3 Nc6 12. Qd2 Nxd4 13. Qxd4 Rfd8 14. Rac1 Qb7+ 15. e4 Bc5 16. Qd3 d5 17. exd5 exd5 18. Nxd5 Nxd5 19. cxd5 Rxd5 20. Qf3 Qd7 21. Rcd1 Rd8 22. Rxd5 Qxd5 23. Re1 Kf8 24. Re2 f6 25. g4 h5 26. gxh5 Kf7 27. h6 gxh6 28. Re4 Rg8+ 29. Kf1 Qg5 30. Bxf6 Qc1+ 31. Re1 Rg1+ 32. Kxg1 Qxe1+ 33. Kg2 Qxf2+ 34. Qxf2 Bxf2 35. Kxf2 Kxf6 36. Kg3 Kg5 37. h4+ Kf5 38. Kf3 h5 39. b4 b5 40. Kg3 Ke4 41. Kg2 Kf4 0-1

[Event "Titled Tuesday intern op 19th Sep Early"]
[Site "Chess.com INT"]
[Date "2023.09.19"]
[Round "4"]
[White "Senft, Sean"]
[Black "Onslow, Alfie"]
[Result "1-0"]
[WhiteElo "2107"]
[BlackElo "2165"]
[PlyCount "121"]
[EventDate "2023.09.19"]
[EventType "swiss (blitz)"]
[EventRounds "11"]
[EventCountry "USA"]
[SourceTitle "EXT 2024"]
[Source "ChessBase"]
[SourceDate "2023.10.10"]
[SourceVersion "1"]
[SourceVersionDate "2023.10.10"]
[SourceQuality "1"]

1. d4 Nf6 2. c4 c5 3. d5 b5 4. Qc2 d6 5. e4 b4 6. f4 g6 7. Nf3 Bg7 8. Bd3 0-0 9. 0-0 e6 10. Nbd2 exd5 11. exd5 Re8 12. f5 Nbd7 13. fxg6 hxg6 14. Nb3 a5 15. Bg5 a4 16. Nbd2 Qc7 17. Rae1 Bb7 18. Bxg6 fxg6 19. Qxg6 Nf8 20. Qf5 Qd7 21. Qf4 N8h7 22. Bh4 Rxe1 23. Nxe1 Rf8 24. Qg3 Qg4 25. Nd3 Qxg3 26. Bxg3 Ne8 27. Ne4 Bd4+ 28. Bf2 Bxf2+ 29. Ndxf2 Nhf6 30. Re1 Nxe4 31. Rxe4 Nf6 32. Re7 Rf7 33. Re3 Kf8 34. h3 Re7 35. Rf3 Kg7 36. g4 Ne4 37. Re3 Kf6 38. Rxe4 Rf7 39. Rf4+ Ke7 40. Rxf7+ Kxf7 41. b3 axb3 42. axb3 Bc8 43. Ne4 Ke7 44. Kf2 Ba6 45. Nd2 Bc8 46. Kg3 Bd7 47. Kf4 Be8 48. h4 Bg6 49. h5 Bc2 50. g5 Kf7 51. Kg4 Kg7 52. g6 Kh6 53. Kh4 Kg7 54. Kg5 Kg8 55. h6 Kh8 56. Kf6 Kg8 57. Ke7 Bxg6 58. Kxd6 Kh7 59. Kxc5 Kxh6 60. Kxb4 Bc2 61. d6 1-0

[Event "Titled Tuesday intern op 19th Sep Late"]
[Site "Chess.com INT"]
[Date "2023.09.19"]
[Round "5"]
[White "Wafa, Hamed"]
[Black "Onslow, Alfie"]
[Result "1-0"]
[WhiteElo "2211"]
[BlackElo "2165"]
[PlyCount "51"]
[EventDate "2023.09.19"]
[EventType "swiss (blitz)"]
[EventRounds "11"]
[EventCountry "USA"]
[SourceTitle "EXT 2024"]
[Source "ChessBase"]
[SourceDate "2023.10.10"]
[SourceVersion "1"]
[SourceVersionDate "2023.10.10"]
[SourceQuality "1"]

1. e4 c5 2. Nf3 Nc6 3. Bb5 g6 4. Bxc6 dxc6 5. 0-0 Bg7 6. d3 e5 7. a4 Nf6 8. Nxe5 0-0 9. Nf3 c4 10. e5 Ng4 11. Re1 Bf5 12. h3 Nh6 13. Nc3 cxd3 14. cxd3 Qxd3 15. Qxd3 Bxd3 16. g4 Rfe8 17. Bg5 Bc4 18. Rad1 Be6 19. Nd4 Bd5 20. Nxd5 cxd5 21. f4 Kf8 22. Nb5 Rab8 23. Rxd5 a6 24. Nd6 Re6 25. Rc1 f6 26. exf6 1-0

[Event "Titled Tuesday intern op 12th Sep Early"]
[Site "Chess.com INT"]
[Date "2023.09.12"]
[Round "2"]
[White "Maximov, Dmitry"]
[Black "Onslow, Alfie"]
[Result "1/2-1/2"]
[WhiteElo "2497"]
[BlackElo "2165"]
[PlyCount "105"]
[EventDate "2023.09.12"]
[EventType "swiss (blitz)"]
[EventRounds "11"]
[EventCountry "USA"]
[SourceTitle "EXT 2024"]
[Source "ChessBase"]
[SourceDate "2023.10.10"]
[SourceVersion "1"]
[SourceVersionDate "2023.10.10"]
[SourceQuality "1"]

1. e4 g6 2. d4 Bg7 3. Nc3 c6 4. h3 d5 5. e5 h5 6. Bd3 Nh6 7. Bg5 Bf5 8. Bxh6 Rxh6 9. Bxf5 gxf5 10. Nge2 e6 11. Nf4 h4 12. Qf3 Nd7 13. 0-0-0 Qe7 14. Kb1 0-0-0 15. Rhe1 Kb8 16. Nce2 Rg8 17. Rc1 Nb6 18. b3 Qa3 19. Qc3 Bf8 20. Qb2 Qa5 21. a4 Rh7 22. Red1 Be7 23. c3 Rhg7 24. Rd3 Qa6 25. Qc2 Nd7 26. Kb2 c5 27. Re3 Nb6 28. Ra1 Rc8 29. a5 Nd7 30. Qd2 cxd4 31. cxd4 Qb5 32. Rc3 Rgg8 33. Rac1 Bb4 34. Rxc8+ Rxc8 35. Rxc8+ Kxc8 36. Qc2+ Kb8 37. Nd3 Qxa5 38. Nxb4 Qxb4 39. Qc3 Qb5 40. Qc2 Nb6 41. Kc1 a5 42. g3 hxg3 43. fxg3 Qb4 44. Kd1 a4 45. bxa4 Nxa4 46. h4 Nb2+ 47. Kc1 Nc4 48. Qd3 Qb2+ 49. Kd1 Qa1+ 50. Kc2 Qb2+ 51. Kd1 Qa1+ 52. Kc2 Qb2+ 53. Kd1 1/2-1/2

[Event "Titled Tuesday intern op 05th Sep Early"]
[Site "Chess.com INT"]
[Date "2023.09.05"]
[Round "2"]
[White "Onslow, Alfie"]
[Black "Castellanos Villela, Alejandro"]
[Result "0-1"]
[WhiteElo "2165"]
[BlackElo "2164"]
[PlyCount "100"]
[EventDate "2023.09.05"]
[EventType "swiss (blitz)"]
[EventRounds "11"]
[EventCountry "USA"]
[SourceTitle "EXT 2024"]
[Source "ChessBase"]
[SourceDate "2023.10.10"]
[SourceVersion "1"]
[SourceVersionDate "2023.10.10"]
[SourceQuality "1"]

1. Nf3 b6 2. c4 Bb7 3. g3 Nf6 4. Bg2 c5 5. 0-0 g6 6. b3 Bg7 7. Bb2 0-0 8. Nc3 d5 9. cxd5 Nxd5 10. Qc2 Nc6 11. Nxd5 Qxd5 12. Bxg7 Kxg7 13. d3 Rac8 14. Qb2+ Kg8 15. Nd2 Qd7 16. Nc4 f6 17. a3 Rfd8 18. b4 Nd4 19. Rfc1 Bxg2 20. Kxg2 cxb4 21. axb4 Rc7 22. Ne3 Rdc8 23. Rxc7 Rxc7 24. Qa2+ Kg7 25. Qd5 Nxe2 26. Re1 Nc3 27. Qxd7 Rxd7 28. Nc4 Kf7 29. Nb2 Nd5 30. Re4 e5 31. Rc4 Rc7 32. b5 Ke6 33. Kf3 Kd6 34. Nd1 f5 35. Ke2 Rc5 36. Ra4 Rc2+ 37. Ke1 Rc7 38. Ne3 h6 39. Kd2 Ke6 40. Nc4 Nf6 41. Ra1 Ng4 42. Re1 e4 43. f3 Nxh2 44. fxe4 Nf3+ 45. Ke2 Nxe1 46. Kxe1 fxe4 47. Kd2 exd3 48. Kxd3 Rc5 49. Ke4 Rxc4+ 50. Kd3 Rb4 0-1

[Event "Titled Tuesday intern op 05th Sep Early"]
[Site "Chess.com INT"]
[Date "2023.09.05"]
[Round "3"]
[White "Onslow, Alfie"]
[Black "Dzhaparov, Medet"]
[Result "1-0"]
[WhiteElo "2165"]
[BlackElo "1626"]
[PlyCount "109"]
[EventDate "2023.09.05"]
[EventType "swiss (blitz)"]
[EventRounds "11"]
[EventCountry "USA"]
[SourceTitle "EXT 2024"]
[Source "ChessBase"]
[SourceDate "2023.10.10"]
[SourceVersion "1"]
[SourceVersionDate "2023.10.10"]
[SourceQuality "1"]

1. e4 c5 2. Nc3 d6 3. d4 cxd4 4. Qxd4 Nc6 5. Qd2 Nf6 6. b3 e6 7. Bb2 Be7 8. 0-0-0 0-0 9. f3 a6 10. Kb1 b5 11. g4 Bb7 12. h4 b4 13. Nce2 a5 14. g5 Nd7 15. f4 a4 16. Nd4 axb3 17. cxb3 Qa5 18. Ba1 Nxd4 19. Bxd4 Bxe4+ 20. Ka1 Bxh1 21. Bd3 e5 22. Bf2 e4 23. Bb1 Nc5 24. Qb2 Qa3 25. Qxa3 Rxa3 26. Kb2 Rfa8 27. f5 Nd3+ 28. Bxd3 Rxa2+ 29. Kc1 exd3 30. Bd4 Rc2+ 31. Kb1 Be4 32. f6 Bf8 33. Nh3 d2 34. Nf2 Rc1+ 35. Kb2 Rc2+ 36. Kb1 Rca2+ 37. Nxe4 d5 38. Nxd2 R2a6 39. Nf3 Re6 40. Ne5 gxf6 41. gxf6 Rxf6 42. Rg1+ Bg7 43. Rxg7+ Kxg7 44. Nd7 Raa6 45. h5 h6 46. Nxf6 Rxf6 47. Kc2 Kf8 48. Bxf6 Ke8 49. Kd3 Kd7 50. Bg7 Ke6 51. Bxh6 Kf6 52. Bd2 Ke5 53. h6 Kf6 54. Kd4 Kg6 55. Kxd5 1-0

[Event "Titled Tuesday intern op 11th Jul Early"]
[Site "Chess.com INT"]
[Date "2023.07.11"]
[Round "5"]
[White "Onslow, Alfie"]
[Black "Vokhidov, Shamsiddin"]
[Result "0-1"]
[WhiteElo "2165"]
[BlackElo "2597"]
[PlyCount "54"]
[EventDate "2023.07.11"]
[EventType "swiss (blitz)"]
[EventRounds "11"]
[EventCountry "USA"]
[SourceTitle "EXT 2024"]
[Source "ChessBase"]
[SourceDate "2023.10.10"]
[SourceVersion "1"]
[SourceVersionDate "2023.10.10"]
[SourceQuality "1"]

1. e4 g6 2. d4 Bg7 3. Nf3 d6 4. Bc4 Nc6 5. 0-0 Nf6 6. Qe2 0-0 7. c3 e5 8. dxe5 dxe5 9. a4 Nh5 10. Bg5 Qe8 11. Na3 a6 12. Qd2 Bg4 13. Ne1 Na5 14. Ba2 Qxa4 15. Nd3 Qd7 16. Qe3 b6 17. b4 Nb7 18. Nc4 Be6 19. Ncxe5 Qe8 20. Bf4 Bxa2 21. Rxa2 Qe6 22. Re2 Rad8 23. h3 Rfe8 24. Bh2 Nd6 25. Rd1 Qb3 26. Red2 f6 27. Nc6 Nc4 0-1

[Event "Titled Tuesday intern op 11th Jul Early"]
[Site "Chess.com INT"]
[Date "2023.07.11"]
[Round "4"]
[White "Shohat, Yotam"]
[Black "Onslow, Alfie"]
[Result "0-1"]
[WhiteElo "2363"]
[BlackElo "2165"]
[PlyCount "92"]
[EventDate "2023.07.11"]
[EventType "swiss (blitz)"]
[EventRounds "11"]
[EventCountry "USA"]
[SourceTitle "EXT 2024"]
[Source "ChessBase"]
[SourceDate "2023.10.10"]
[SourceVersion "1"]
[SourceVersionDate "2023.10.10"]
[SourceQuality "1"]

1. e4 c5 2. Nf3 Nc6 3. d4 cxd4 4. Nxd4 Qc7 5. Nc3 e6 6. Be3 a6 7. Qf3 Nf6 8. 0-0-0 h5 9. h3 Ne5 10. Qg3 h4 11. Qh2 d6 12. f4 Nc4 13. Bxc4 Qxc4 14. e5 Nd5 15. Nxd5 Qxd5 16. Nb3 Qe4 17. Rhe1 d5 18. Bc5 Qa4 19. Bxf8 Kxf8 20. Kb1 g6 21. g4 hxg3 22. Qxg3 Qd7 23. h4 Qe7 24. Rh1 Rh5 25. Nd4 Bd7 26. Qg4 Rc8 27. Ne2 Ba4 28. b3 Bb5 29. Ng3 Rh7 30. h5 Qc5 31. Rd2 Qc3 32. Rdh2 Rg7 33. h6 Rh7 34. Qg5 Bd3 35. cxd3 Qxd3+ 36. Ka1 Qd4+ 37. Rb2 b5 38. Rhb1 a5 39. a3 a4 40. b4 Qc3 41. Ka2 Qc4+ 42. Ka1 Qc3 43. Rd1 Qxa3+ 44. Kb1 Qc3 45. Ne2 Qc4 46. Rc1 Qe4+ 0-1

[Event "Titled Tuesday intern op 16th May Early"]
[Site "Chess.com INT"]
[Date "2023.05.16"]
[Round "1"]
[White "Ehlvest, Jaan"]
[Black "Onslow, Alfie"]
[Result "1-0"]
[WhiteElo "2530"]
[BlackElo "2157"]
[PlyCount "81"]
[EventDate "2023.05.16"]
[EventType "swiss (blitz)"]
[EventRounds "11"]
[EventCountry "USA"]
[SourceTitle "CBM 214 Extra"]
[Source "ChessBase"]
[SourceDate "2023.07.31"]
[SourceVersion "1"]
[SourceVersionDate "2023.07.31"]
[SourceQuality "1"]

1. e4 g6 2. d4 Bg7 3. Nc3 c6 4. f4 d5 5. e5 h5 6. Nf3 Nh6 7. Be3 Bg4 8. h3 Bxf3 9. Qxf3 Nf5 10. Bf2 h4 11. Bd3 e6 12. 0-0 Nd7 13. Ne2 Bf8 14. b3 Be7 15. c4 Kf8 16. a3 Kg7 17. Rfb1 a6 18. c5 a5 19. b4 axb4 20. axb4 b5 21. Nc3 Qc7 22. Qe2 Qb7 23. Nxb5 cxb5 24. Bxb5 Rxa1 25. Rxa1 Rb8 26. Ba4 Qxb4 27. Bxd7 Nxd4 28. Qg4 Qxc5 29. Kh2 Qc7 30. Bxd4 Qxd7 31. f5 exf5 32. e6+ Kf8 33. exd7 fxg4 34. hxg4 Bd6+ 35. Kh3 Ke7 36. Kxh4 f6 37. g5 f5 38. g4 fxg4 39. Ra7 g3 40. Bf6+ Ke6 41. Kh3 1-0

[Event "Titled Tuesday intern op 16th May Late"]
[Site "Chess.com INT"]
[Date "2023.05.16"]
[Round "1"]
[White "Iliaguev, Nisim"]
[Black "Onslow, Alfie"]
[Result "1-0"]
[WhiteElo "2402"]
[BlackElo "2157"]
[PlyCount "87"]
[EventDate "2023.05.16"]
[EventType "swiss (blitz)"]
[EventRounds "11"]
[EventCountry "USA"]
[SourceTitle "CBM 214 Extra"]
[Source "ChessBase"]
[SourceDate "2023.07.31"]
[SourceVersion "1"]
[SourceVersionDate "2023.07.31"]
[SourceQuality "1"]

1. d4 Nf6 2. Nf3 c5 3. g3 cxd4 4. Nxd4 g6 5. Bg2 Bg7 6. 0-0 0-0 7. c4 Nc6 8. Nc3 Nxd4 9. Qxd4 d6 10. Qd3 a6 11. b3 Qc7 12. Bb2 Bf5 13. e4 Be6 14. Rac1 Nd7 15. Nd5 Bxd5 16. Bxg7 Kxg7 17. exd5 a5 18. Rfe1 Nc5 19. Qc3+ Kg8 20. h4 Qd7 21. Re3 Rfe8 22. Rce1 Qf5 23. a3 b6 24. b4 axb4 25. axb4 Na4 26. Qd4 Ra7 27. Be4 Qd7 28. Bc2 e5 29. dxe6 Rxe6 30. Rxe6 fxe6 31. h5 gxh5 32. Qf4 e5 33. Qg5+ Qg7 34. Qxh5 Nc3 35. Qf3 Ra3 36. Qc6 Qh6 37. Qe8+ Kg7 38. Qe7+ Kg8 39. Bf5 Ra2 40. c5 bxc5 41. Be6+ Kh8 42. Bxa2 Nxa2 43. bxc5 dxc5 44. Qxe5+ 1-0

[Event "Titled Tuesday intern op 02nd May Late"]
[Site "Chess.com INT"]
[Date "2023.05.02"]
[Round "8"]
[White "Halkias, Stelios"]
[Black "Onslow, Alfie"]
[Result "1-0"]
[WhiteElo "2511"]
[BlackElo "2157"]
[PlyCount "47"]
[EventDate "2023.05.02"]
[EventType "swiss (blitz)"]
[EventRounds "11"]
[EventCountry "USA"]
[SourceTitle "EXT 2024"]
[Source "ChessBase"]
[SourceDate "2023.10.10"]
[SourceVersion "1"]
[SourceVersionDate "2023.10.10"]
[SourceQuality "1"]

1. c4 c5 2. Nf3 Nf6 3. Nc3 Nc6 4. e3 e6 5. d4 d5 6. cxd5 exd5 7. Bb5 Bg4 8. Qa4 Bd7 9. Ne5 Nxe5 10. dxe5 Ng4 11. Qxg4 Bxb5 12. Nxb5 Qa5+ 13. Nc3 h5 14. Qf4 g5 15. Qf3 d4 16. Qxb7 dxc3 17. Qxa8+ Ke7 18. Qb7+ Ke6 19. Qc6+ Kf5 20. 0-0 Bg7 21. e4+ Kxe5 22. Qd5+ Kf6 23. Bxg5+ Kg6 24. Qf5# 1-0

[Event "Titled Tuesday intern op 02nd May Late"]
[Site "Chess.com INT"]
[Date "2023.05.02"]
[Round "2"]
[White "Jaskolka, Tomasz"]
[Black "Onslow, Alfie"]
[Result "0-1"]
[WhiteElo "2238"]
[BlackElo "2157"]
[PlyCount "66"]
[EventDate "2023.05.02"]
[EventType "swiss (blitz)"]
[EventRounds "11"]
[EventCountry "USA"]
[SourceTitle "EXT 2024"]
[Source "ChessBase"]
[SourceDate "2023.10.10"]
[SourceVersion "1"]
[SourceVersionDate "2023.10.10"]
[SourceQuality "1"]

1. d4 Nf6 2. c4 c5 3. d5 b5 4. cxb5 a6 5. Nc3 axb5 6. e4 b4 7. Nb5 d6 8. Bc4 Nbd7 9. Nf3 Ba6 10. Qe2 Qb6 11. Bf4 Rb8 12. Nxd6+ exd6 13. Bxa6 Nh5 14. Bg5 f6 15. Be3 g6 16. 0-0 Be7 17. Bc4 0-0 18. a4 bxa3 19. bxa3 Ne5 20. Nxe5 fxe5 21. a4 Nf4 22. Qg4 Qb4 23. Rfc1 Rf7 24. g3 h5 25. Qd7 Bf8 26. Qc6 Nh3+ 27. Kg2 Nxf2 28. Bxf2 Qd2 29. Rf1 Rb2 30. Kh3 Rxf2 31. Rxf2 Qxf2 32. Kh4 Be7+ 33. Kh3 Qxh2# 0-1

[Event "Titled Tuesday intern op 02nd May Late"]
[Site "Chess.com INT"]
[Date "2023.05.02"]
[Round "10"]
[White "Kavutskiy, Konstantin"]
[Black "Onslow, Alfie"]
[Result "1/2-1/2"]
[WhiteElo "2414"]
[BlackElo "2157"]
[PlyCount "66"]
[EventDate "2023.05.02"]
[EventType "swiss (blitz)"]
[EventRounds "11"]
[EventCountry "USA"]
[SourceTitle "EXT 2024"]
[Source "ChessBase"]
[SourceDate "2023.10.10"]
[SourceVersion "1"]
[SourceVersionDate "2023.10.10"]
[SourceQuality "1"]

1. d4 d5 2. c4 e6 3. Nf3 c6 4. e3 f5 5. b3 Nf6 6. Bd3 Bd6 7. 0-0 Qe7 8. Bb2 0-0 9. Nc3 Nbd7 10. Ne2 Ne4 11. Nf4 g5 12. Ne2 Qg7 13. g3 h5 14. h4 gxh4 15. Nxh4 Ndf6 16. Kg2 Ng4 17. Bxe4 fxe4 18. Nf4 Bxf4 19. exf4 Rxf4 20. Bc1 Nxf2 21. Rxf2 Rxh4 22. Bf4 Rg4 23. Be5 Qg5 24. Qf1 Bd7 25. Rf7 h4 26. Rxd7 Rf8 27. Qe1 Rf3 28. Rg7+ Qxg7 29. Bxg7 Rgxg3+ 30. Kh2 Rh3+ 31. Kg2 Rhg3+ 32. Kh2 Rh3+ 33. Kg2 Rhg3+ 1/2-1/2